|
|
|
|
| LEADER |
00000cam a2200000 7i4500 |
| 001 |
0000035790 |
| 005 |
20231022163308.0 |
| 008 |
130520 |
| 020 |
|
|
|a 9831953716
|
| 090 |
0 |
0 |
|a 158.1
|b ABD
|
| 110 |
0 |
|
|a Abdul Razak Abdullah
|
| 245 |
1 |
0 |
|a Motivasi kendiri :
|b prasyarat menuju kejayaan
|c Abdul Razak bin Abdullah
|
| 260 |
|
|
|a Shah Alam :
|b Karisma Publications ,
|c 2008
|
| 500 |
|
|
|a Di perpustakaan cawangan Taman U, nombor pengelasan bahan adalah EDU MAL (Taman U)
|
| 650 |
|
0 |
|a Motivation (Psychology)
|
| 650 |
|
0 |
|a Success
|
| 999 |
|
|
|a 0001166829
|b Book
|c Adult Collection
|e Perbadanan Perpustakaan Awam Johor
|
| 999 |
|
|
|a 0001166837
|b Book
|c Adult Collection
|e Cawangan Mersing
|
| 999 |
|
|
|a 0001166838
|b Book
|c Adult Collection
|e Cawangan Bandar Tenggara
|
| 999 |
|
|
|a 0001166839
|b Book
|c Adult Collection
|e Cawangan Bukit Gambir
|
| 999 |
|
|
|a 0001166841
|b Book
|c Adult Collection
|e Cawangan Segamat
|
| 999 |
|
|
|a 0001166842
|b Book
|c Adult Collection
|e Cawangan Tmn. Ungku Tun Aminah
|